000 01031cad a22002055a 4500
001 E147594
008 090527e20090508xxk 000 0 eng d
035 _a(Sirsi) u147594
041 0 _aeng
110 2 _aChartered Institute of Building
_92134
245 0 0 _aLarge construction firms say 'go green' to win business
_h[electronic resource]
260 _c2009
490 _aCIOB News Release
_v8 May 2009
520 _aReports on research carried out by NetRegs.gov.uk, which suggests that 95% of large construction firms are more likely to appoint subcontractors who can prove they are environmentally responsible, and 87% of large firms have more confidence in subcontractors with such green policies. NetRegs have produced an environmental checklist for subcontractors to help them win business.
590 _aKA
651 4 _aUnited Kingdom
_y
690 _aBUILT ENVIRONMENT-CONSTRUCTION MARKET
856 4 0 _uhttps://www.ciob.org.uk/news/view/2069
_zView the news release free of charge at www.ciob.org.uk...
942 _n0
999 _c81580
_d81580